The Skins Game Quiz Stats

 Plays Quiz not verified by Sporcle

Challenge
Share
Tweet
Embed
Score 0/20 Timer 08:00
0 Plays Today
Clue Name % Correct
Tony's best friendSid
94.5%
AnnorexicCassie
94.3%
DiedChris
90.4%
He/She slept with JJEmily
88.2%
Maxxie's best friend from SlumDogAnwar
88%
Chris got her pregnantJal
87.9%
Was with Sid and TonyMichelle
87.7%
Gets hit by a busTony
87.6%
Maxxie and this person kissed on a school tripTony
86.3%
Cook's first nameJames
85.2%
Clue Name % Correct
Races with Freddie and Cook for Effy's loveJJ
85%
From CongoThomas
84.6%
Completes Effy's list firstCook
83.7%
Tony and Effy's last nameStonem
83.5%
Effy was choked by him/her in the woodsKatie
82.9%
Uses the term 'surf n turf'Pandora
70.3%
Gave drugs to her stalkerNaomi
61.8%
Kissed in the waterEffy and Freddie
55.8%
Cassie's stalker tells her toEat
54.2%
Sexxbomb's contestantKaren
47.7%

You're not logged in!

Compare scores with friends on all Sporcle quizzes.
Join for Free
OR
Log In

You Might Also Like...

Show Comments

Extras

Created Feb 16, 2010ReportNominate
Tags:skin

Top Quizzes Today


Score Distribution

Your Account Isn't Verified!

In order to create a playlist on Sporcle, you need to verify the email address you used during registration. Go to your Sporcle Settings to finish the process.

Report this User

Report this user for behavior that violates our Community Guidelines.

Details: